Pokémon - Statistiques (7) - Statistiques

Statistiques générales
  • Ce quiz a été pris 55 fois
  • Le résultat moyen est 27 sur 40
Statistiques - réponses
Question Tuile Select % Correct
Quel Pokémon possède la statistique de base en PV la plus élevée ? Non
94%
Quel Pokémon possède la statistique de base en Défense la plus élevée ? Non
92%
Quel Pokémon possède la statistique de base en Attaque la plus élevée ? Non
91%
Quel Pokémon possède la statistique de base en Vitesse la plus élevée ? Non
91%
Quel Pokémon possède la statistique de base en Vitesse la plus élevée ? Non
91%
Quel Pokémon possède la statistique de base en Vitesse la plus élevée ? Non
89%
Quel Pokémon possède la statistique de base en Attaque Spéciale la plus élevée ? Non
89%
Quel Pokémon possède la statistique de base en Attaque la plus élevée ? Non
89%
Quel Pokémon possède la statistique de base en Attaque la plus élevée ? Non
87%
Quel Pokémon possède la statistique de base en Vitesse la plus élevée ? Non
87%
Quel Pokémon possède la statistique de base en Attaque Spéciale la plus élevée ? Non
85%
Quel Pokémon possède la statistique de base en Défense Spéciale la plus élevée ? Non
83%
Quel Pokémon possède la statistique de base en Attaque la plus élevée ? Non
81%
Quel Pokémon possède la statistique de base en PV la plus élevée ? Non
81%
Quel Pokémon possède la statistique de base en PV la plus élevée ? Non
81%
Quel Pokémon possède la statistique de base en Vitesse la plus élevée ? Non
81%
Quel Pokémon possède la statistique de base en Défense Spéciale la plus élevée ? Non
75%
Quel Pokémon possède la statistique de base en Défense la plus élevée ? Non
75%
Quel Pokémon possède la statistique de base en Attaque la plus élevée ? Non
74%
Quel Pokémon possède la statistique de base en Défense Spéciale la plus élevée ? Non
74%
Quel Pokémon possède la statistique de base en Vitesse la plus élevée ? Oui
74%
Quel Pokémon possède la statistique de base en PV la plus élevée ? Non
72%
Quel Pokémon possède la statistique de base en Attaque la plus élevée ? Non
72%
Quel Pokémon possède la statistique de base en PV la plus élevée ? Non
68%
Quel Pokémon possède la statistique de base en Défense Spéciale la plus élevée ? Non
68%
Quel Pokémon possède la statistique de base en Défense Spéciale la plus élevée ? Non
66%
Quel Pokémon possède la statistique de base en Attaque Spéciale la plus élevée ? Non
58%
Quel Pokémon possède la statistique de base en Défense la plus élevée ? Non
58%
Quel Pokémon possède la statistique de base en Attaque la plus élevée ? Oui
58%
Quel Pokémon possède la statistique de base en Attaque la plus élevée ? Oui
57%
Quel Pokémon possède la statistique de base en Attaque Spéciale la plus élevée ? Oui
53%
Quel Pokémon possède la statistique de base en Défense Spéciale la plus élevée ? Non
47%
Quel Pokémon possède la statistique de base en Vitesse la plus élevée ? Non
47%
Quel Pokémon possède la statistique de base en PV la plus élevée ? Oui
45%
Quel Pokémon possède la statistique de base en PV la plus élevée ? Non
42%
Quel Pokémon possède la statistique de base en Défense la plus élevée ? Oui
42%
Quel Pokémon possède la statistique de base en Vitesse la plus élevée ? Oui
40%
Quel Pokémon possède la statistique de base en Défense Spéciale la plus élevée ? Oui
25%
Quel Pokémon possède la statistique de base en Défense Spéciale la plus élevée ? Oui
15%
Quel Pokémon possède la statistique de base en PV la plus élevée ? Oui
9%
Aucun quiz correspondant
Distribution des résultats
% des personnes avec chaque résultat
Percentile par nombre de réponses
Votre historique - résultats
Vous n’avez pas pris ce quiz